Sláva ropných klanov sa končí
Bioetanol, ktorý sa vyrába z rastlín s vysokým obsahom škrobov a cukrov, sa využíva aj ako súčasť benzínových palív najmä v Brazílii, Škandinávii a USA. Amerika bude financovať nový výskum výroby etanolu nielen z obilia, ale aj zo zvyškov dreva, rastlín a rákosia. Chce, aby nový etanol bol konkurenc...
Saved in:
| Main Author: | |
|---|---|
| Format: | Book Chapter |
| Language: | Slovak |
| Subjects: | |
| Tags: |
No Tags, Be the first to tag this record!
|
MARC
| LEADER | 00000naa$a2200000$$$4500 | ||
|---|---|---|---|
| 001 | 0057510 | ||
| 005 | 20231128092500.9 | ||
| 041 | 0 | |a slo | |
| 044 | |a SK | ||
| 245 | 1 | 0 | |a Sláva ropných klanov sa končí |c Martin Kasarda |
| 520 | |a Bioetanol, ktorý sa vyrába z rastlín s vysokým obsahom škrobov a cukrov, sa využíva aj ako súčasť benzínových palív najmä v Brazílii, Škandinávii a USA. Amerika bude financovať nový výskum výroby etanolu nielen z obilia, ale aj zo zvyškov dreva, rastlín a rákosia. Chce, aby nový etanol bol konkurencieschopný do šiestich rokov. Amerika chce etanolom nahradiť až 30 percent terajších palív. Pri používani etanolového paliva sa emisie CO2 znižujú až o 75 percent. | ||
| 610 | 2 | 0 | |a palivá |
| 610 | 2 | 0 | |a ekológia |
| 610 | 2 | 0 | |a USA |
| 610 | 2 | 0 | |a čistota ovzdušia |
| 610 | 2 | 0 | |a emisie |
| 100 | 1 | |a Kasarda, Martin | |